Egy modern philosophus [!filozófus], mint paedagogus [!pedagógus] Frohschammer Jakab /

Elmentve itt :
Bibliográfiai részletek
Szerző: Rácz Lajos
Dokumentumtípus: Cikk
Megjelent: 1898
Sorozat:Magyar pedagógia : a Magyar Tudományos Akadémia Pedagógiai Bizottságának folyóirata 7
Kulcsszavak:Frohschammer Jakob, Neveléstudomány német életmű életrajz 19. sz., Frohschammer Jakab
Online Access:http://misc.bibl.u-szeged.hu/7364
LEADER 00765nab a2200181 i 4500
001 misc7364
005 20191106144218.0
008 170607s1898 hu o 0|| hun d
022 |a 0025-0260 
040 |a SZTE Miscellanea Repozitórium  |b hun 
041 |a hun 
100 1 |a Rácz Lajos 
245 1 0 |a Egy modern philosophus [!filozófus], mint paedagogus [!pedagógus]   |h [elektronikus dokumentum] :  |b Frohschammer Jakab /  |c  Rácz Lajos 
260 |c 1898 
300 |a 18-26 
490 0 |a Magyar pedagógia : a Magyar Tudományos Akadémia Pedagógiai Bizottságának folyóirata  |v 7 
695 |a Frohschammer Jakob, Neveléstudomány német életmű életrajz 19. sz., Frohschammer Jakab 
856 4 0 |u http://misc.bibl.u-szeged.hu/7364/1/mp_1898_0498_018-026.pdf  |z Dokumentum-elérés